000 00372nam a2200145Ia 4500
008 230917s9999||||xx |||||||||||||| ||und||
040 _e76398
_aMAIN
041 _aEnglish
082 _a658.409 B439L
100 _aBennis, Warren G
245 0 _aLeaders: The strategies for taking charge
260 _aNew York
_bHarper & Row
_c1985
300 _axi, 244 p.
942 _cBK
999 _c54544
_d54544